00165nam a22000857a 4500082000800000100001500008245003100023260001700054300000800071 aJIN aM A Jinnah aLetters of Iqbal to jinnah aLahorec1974 aIRP